Special Edition using C # (Record no. 617143)

000 -LEADER
fixed length control field 00401nam a22001697a 4500
003 - CONTROL NUMBER IDENTIFIER
control field NUST
005 - DATE AND TIME OF LATEST TRANSACTION
control field 20260416164356.0
008 - FIXED-LENGTH DATA ELEMENTS--GENERAL INFORMATION
fixed length control field 260416b ||||| |||| 00| 0 eng d
020 ## - INTERNATIONAL STANDARD BOOK NUMBER
International Standard Book Number 0-7897-2575-4
082 ## - DEWEY DECIMAL CLASSIFICATION NUMBER
Classification number 005.133
Author Mark NIT
100 ## - MAIN ENTRY--PERSONAL NAME
Personal name NIIT
9 (RLIN) 5329
245 ## - TITLE STATEMENT
Title Special Edition using C #
Statement of responsibility, etc. NIIT
260 ## - PUBLICATION, DISTRIBUTION, ETC.
Name of publisher, distributor, etc. QUE,
Date of publication, distribution, etc. 2002.
300 ## - PHYSICAL DESCRIPTION
Extent 564 p ;
Dimensions 29.5 cm
563 ## - BINDING INFORMATION
Binding note Paperback
942 ## - ADDED ENTRY ELEMENTS (KOHA)
Source of classification or shelving scheme
Koha item type Book
Holdings
Withdrawn status Lost status Source of classification or shelving scheme Damaged status Not for loan Permanent Location Current Location Date acquired Total Checkouts Full call number Barcode Date last seen Price effective from Koha item type
          Institute of Geographical Information Systems (IGIS) Institute of Geographical Information Systems (IGIS) 04/16/2026   005.133 NIT IGIS-858 04/16/2026 04/16/2026 Book
© 2023 Central Library, National University of Sciences and Technology. All Rights Reserved.